[Event "Kuwait Blitz op"]
[Site "Kuwait"]
[Date "2023.12.01"]
[Round "5"]
[White "Ammar, Sedrani"]
[Black "Hayder, Hassan Shyaa"]
[Result "1-0"]
[WhiteElo "2146"]
[BlackElo "1963"]
[PlyCount "67"]
[EventDate "2023.12.01"]
[EventType "swiss (blitz)"]
[EventRounds "9"]
[EventCountry "KUW"]
[SourceTitle "CB50_2023"]
[SourceDate "2023.12.13"]
[SourceVersion "1"]
[SourceVersionDate "2023.12.13"]
[SourceQuality "1"]

1. d4 d5 2. Nf3 Nf6 3. Bf4 e6 4. e3 Be7 5. Bd3 0-0 6. Nbd2 Nbd7 7. 0-0 c5 8. c3 b6 9. Ne5 Bb7 10. Qf3 Rc8 11. Rad1 Nxe5 12. dxe5 Nd7 13. Qh3 g6 14. Bh6 Re8 15. f4 Nf8 16. Nf3 d4 17. exd4 Bxf3 18. Qxf3 cxd4 19. Bb5 Nd7 20. cxd4 Qc7 21. f5 exf5 22. Rc1 Qd8 23. Rxc8 Qxc8 24. Rc1 Qd8 25. Qb7 Bg5 26. Bxg5 Qxg5 27. Rf1 Qe3+ 28. Kh1 Re7 29. Bxd7 Qxd4 30. Qc8+ Kg7 31. e6 fxe6 32. Bxe6 Qxb2 33. Qg8+ Kf6 34. Qh8+ 1-0

[Event "IRQ-chT 30th"]
[Site "Baghdad"]
[Date "2018.03.23"]
[Round "10"]
[White "Hayder, Hassan Shyaa"]
[Black "Saad, Al Sarsam"]
[Result "0-1"]
[WhiteElo "2037"]
[BlackElo "2361"]
[PlyCount "87"]
[EventDate "2018.03.08"]
[EventType "team-swiss"]
[EventRounds "13"]
[EventCountry "IRQ"]
[SourceTitle "CBM 183 Extra"]
[Source "ChessBase"]
[SourceDate "2018.04.19"]
[SourceVersion "1"]
[SourceVersionDate "2018.04.19"]
[SourceQuality "1"]

1. d4 Nf6 2. c4 c5 3. d5 e6 4. Nc3 exd5 5. cxd5 d6 6. Nf3 g6 7. e4 Bg7 8. Be2 0-0 9. 0-0 a6 10. a4 Bg4 11. Nd2 Bxe2 12. Qxe2 Nbd7 13. Nc4 Nb6 14. Na3 Re8 15. Qc2 Nfd7 16. a5 Nc8 17. Nc4 Ne5 18. Ne3 Na7 19. Bd2 Nb5 20. Na4 Nd4 21. Qd1 Nd3 22. Ra3 Nf4 23. f3 f5 24. exf5 gxf5 25. Kh1 Qf6 26. Nb6 Rad8 27. b4 Qg6 28. Rf2 cxb4 29. Bxb4 Nb5 30. Rb3 Bd4 31. Bd2 Re7 32. Qf1 Rde8 33. Nbc4 Kh8 34. g3 Nh5 35. Rg2 Bg7 36. Bc1 Nf6 37. Qd1 Nd7 38. Nc2 Nc3 39. Qf1 Nc5 40. Rb6 Nb5 41. Bf4 Na4 42. Rxb5 axb5 43. Nxd6 Ra8 44. Qd1 0-1

[Event "IRQ Oly-ch"]
[Site "Baghdad"]
[Date "2013.02.14"]
[Round "3"]
[White "Hayder, Hassan Shyaa"]
[Black "Haleem, HAAL Jebawy"]
[Result "1/2-1/2"]
[WhiteElo "2124"]
[BlackElo "2048"]
[PlyCount "41"]
[EventDate "2013.02.13"]
[EventType "team"]
[EventRounds "7"]
[EventCountry "IRQ"]
[SourceTitle "EXT 2014"]
[Source "ChessBase"]
[SourceDate "2013.11.20"]
[SourceVersion "1"]
[SourceVersionDate "2013.11.20"]
[SourceQuality "1"]

1. e4 c5 2. Nf3 d6 3. c3 Nf6 4. Be2 Nc6 5. d4 cxd4 6. cxd4 g6 7. Nc3 Bg7 8. 0-0 0-0 9. b3 Qc7 10. Be3 Bd7 11. Rc1 Qa5 12. a3 Rfc8 13. Qc2 Rab8 14. Ng5 Be8 15. Rfd1 h6 16. Nf3 Qd8 17. e5 Nh7 18. e6 Na5 19. exf7+ Bxf7 20. Qd3 Nxb3 21. Rb1 1/2-1/2